000 00534nam a2200193Ia 4500
999 _c14779
_d14779
003 OSt
005 20201030114530.0
008 190216s9999||||xx |||||||||||||| ||und||
020 _a9780199691340
040 _coclc
082 _a801.95
_bCUL/L
100 _aCuller, Jonathan
_96166
245 0 _aLiterary Theory /
_cJonathan Culler
250 _a3RD EDI
260 _bOxford University Press,
_c2011.
_aNew Delhi:
300 _a165p
650 _aEnglish
942 _cBK
_2ddc
_h801.95
_iCUL/L
_k801.95
_mCUL/L